Contemporary Chinese CD ROM (Record no. 349680)

000 -LEADER
fixed length control field 00557nam a22002057a 4500
003 - CONTROL NUMBER IDENTIFIER
control field OSt
005 - DATE AND TIME OF LATEST TRANSACTION
control field 20180116182957.0
008 - FIXED-LENGTH DATA ELEMENTS--GENERAL INFORMATION
fixed length control field 140527b xxu||||| |||| 00| 0 eng d
020 ## - INTERNATIONAL STANDARD BOOK NUMBER
International Standard Book Number 9787894470287
040 ## - CATALOGING SOURCE
Original cataloging agency 0
Language of cataloging 0
Transcribing agency 0
082 ## - DEWEY DECIMAL CLASSIFICATION NUMBER
Classification number 951 ZHO 2010
100 ## - MAIN ENTRY--PERSONAL NAME
Personal name Dangdai Zhongwen
245 ## - TITLE STATEMENT
Title Contemporary Chinese CD ROM
Remainder of title Dangdai Zhongwen
Statement of responsibility, etc. Jadeed Chinese
260 ## - PUBLICATION, DISTRIBUTION, ETC.
Place of publication, distribution, etc. Beijing
Name of publisher, distributor, etc. Sinolingua
Date of publication, distribution, etc. 2010
300 ## - PHYSICAL DESCRIPTION
Extent 2-CD
Other physical details CD-ROM
440 ## - SERIES STATEMENT/ADDED ENTRY--TITLE
Title Contemporary Chinese CD ROM
600 ## - SUBJECT ADDED ENTRY--PERSONAL NAME
Personal name Dangdai Zhongwen
700 ## - ADDED ENTRY--PERSONAL NAME
Personal name Dangdai Zhongwen
942 ## - ADDED ENTRY ELEMENTS (KOHA)
Source of classification or shelving scheme
Koha item type Case Studies
Holdings
Withdrawn status Lost status Source of classification or shelving scheme Damaged status Not for loan Collection code Permanent Location Current Location Shelving location Date acquired Total Checkouts Full call number Barcode Date last seen Price effective from Koha item type
            Central Library (CL) Central Library (CL) General Stacks 05/27/2014   951 ZHO 2010 NBSDS-14 05/30/2014 05/27/2014 Case Studies
            Central Library (CL) Central Library (CL) General Stacks 05/27/2014   951 ZHO 2010 NBSDS-15 05/30/2014 05/27/2014 Case Studies
© 2023 Central Library, National University of Sciences and Technology. All Rights Reserved.